Statistics for Countries I Visited (DominikLiuku)

Click here to take the quiz!

General Stats

  • This quiz has been taken 33 times
    (13 since last reset)
  • The average score is 12 of 26

Answer Stats

#BCountry% Correct
0United States
89%
3China
67%
1United Kingdom
56%
4France
56%
9Germany
56%
3Luxembourg
44%
4Switzerland
44%
4Slovenia
44%
4Slovakia
44%
0Portugal
44%
3Poland
44%
2Netherlands
44%
7Austria
44%
4Belgium
44%
2Kazakhstan
44%
4Italy
44%
1Ireland
44%
4Hungary
44%
4Czech Republic
44%
2Croatia
44%
1Denmark
33%
2Tajikistan
33%
0Turkey
33%
3Kyrgyzstan
33%
0Malta
22%
0Egypt
11%

Score Distribution

Percentile by Number Answered

Percent of People with Each Score

Your Score History

You have not taken this quiz since the last reset